| 000 | 00000nam##2200000za#4500 |
| 001 | 9.667409 |
| 003 | CaOODSP |
| 005 | 20210615123513 |
| 007 | ta |
| 008 | 150407|2006||||xxc||||| f|0| 0 eng|d |
| 020 | |a0-662-49045-2 |
| 022 | |a0225-9214 |
| 040 | |aCaOODSP|beng |
| 041 | |aeng |
| 041 | |afre |
| 043 | |an-cn--- |
| 086 | 1 |aM141-5/2006-1 |
| 110 | 1 |aCanada.|bNatural Resources Canada. |bOffice of Energy Efficiency. |
| 245 | 10|aFuel consumption guide 2006 |
| 250 | |aRevised edition |
| 260 | |aOttawa - Ontario : |bNatural Resources Canada. |c2006. |
| 300 | |a66p. : |bfigs., illus., tables ; |c22 cm. |
| 520 | 3 |aThis Guide provides information on the fuel consumption of 200 model year passenger cars, pickup trucks, vans, special purpose vehicles and alternative fuel vehicles. The information in this Guide can be used to compare fuel consumption values and help you select the most fuel-efficient vehicle that meets your everyday needs. |
| 563 | |aSoftcover |
| 590 | |a06-20|b2006-05-19 |
| 690 | 07|aEnergy efficiency|2gcpds |
| 710 | 2 |aTransport Canada. |
| 710 | 2 |aAssociation of International Automobile Manufacturers' of Canada. |
| 710 | 2 |aCanadian Vehicle Manufacturer's Association. |
| 792 | |tGuide de consommation de carburant 2006 |efre|w(CaOODSP)9.667410 |